000 00832nam a2200265Ia 4500
003 OSt
005 20220918171502.0
006 a|||||r|||| 00| 0
007 ta
008 220917b |||||||| |||| 00| 0 eng d
020 _a9781844652396 (pbk)
_c1102.06
024 _a246,327
037 _b146, 11/03/2011, Om Book Distributors
_cTextual
040 _aARTS
_cARTS
_beng
041 _2eng
_aeng
082 _aR3xL24:g, Q1
100 _aDudley Will Ed.
_934927
245 0 _aImmanuel Kant
_b Key concept
260 _aDurham
_bAcumen Publishing Limited
_c2011
300 _ax,237p.
_ccm.
650 _aPHILOSOPHY
700 _a Engelhard Kristina Ed.
_936909
942 _hR3xL24:g, Q1
_cTEXL
_2CC
999 _c139797
_d139797